Ekonomické aspekty využitia obnoviteľných zdrojov energie diplomová práca

Uložené v:
Podrobná bibliografia
Hlavný autor: Macejková, Jana
Korporativný autor: Podnikovohospodárska fakulta EU so sídlom v Košiciach. Katedra ekonómie
Ďalší autori: Stričík, Michal, 1969-
Médium: Kniha
Jazyk:Slovak
Vydavateľské údaje: Košice 2010
Tagy: Pridať tag
Žiadne tagy, Buďte prvý, kto otaguje tento záznam!

MARC

LEADER 00000nam$a2200000$$$4500
001 0123513
005 20240827092154.0
041 0 |a slo 
044 |a SK 
245 1 0 |a Ekonomické aspekty využitia obnoviteľných zdrojov energie  |b diplomová práca  |c Jana Macejková ; škol. Michal Stričík 
264 1 |a Košice  |c 2010 
300 |a 81 s. 
100 1 |a Macejková, Jana 
700 1 |a Stričík, Michal, 1969- 
710 2 |a Podnikovohospodárska fakulta EU so sídlom v Košiciach. Katedra ekonómie